ბათუმის შოთა რუსთაველის სახელმწიფო უნივერსიტეტის ბიბლიოთეკა

მანქანათა ნაწილები. (ბიბ.ჩანაწერი № 35280)

000 -LEADER
fixed length control field 00795nam a2200229Ia 4500
001 - CONTROL NUMBER
control field 1129
003 - CONTROL NUMBER IDENTIFIER
control field GE_BSU
008 - FIXED-LENGTH DATA ELEMENTS--GENERAL INFORMATION
fixed length control field 181216s||||||||xx |||||||||||||| ||und||
020 ## - INTERNATIONAL STANDARD BOOK NUMBER
International Standard Book Number 5505009360
040 ## - CATALOGING SOURCE
Transcribing agency GE_BSU
080 ## - UNIVERSAL DECIMAL CLASSIFICATION NUMBER
Universal Decimal Classification number 621.01
100 ## - MAIN ENTRY--PERSONAL NAME
Personal name ეზიკაშვილი, ო.
245 ## - TITLE STATEMENT
Title მანქანათა ნაწილები.
245 ## - TITLE STATEMENT
Remainder of title სახელმძღვ. უმაღ. ტექნიკ. სასწავლებლებისათვის.მე–2 შევს.და გადამ. გამოც.
260 ## - PUBLICATION, DISTRIBUTION, ETC.
Place of publication, distribution, etc. თბილისი
260 ## - PUBLICATION, DISTRIBUTION, ETC.
Name of publisher, distributor, etc. განათლება
260 ## - PUBLICATION, DISTRIBUTION, ETC.
Date of publication, distribution, etc. 1991
300 ## - PHYSICAL DESCRIPTION
Extent 640 გვ.20 სმ.
653 ## - INDEX TERM--UNCONTROLLED
Uncontrolled term მანქანათა ნაწილები
942 ## - ADDED ENTRY ELEMENTS (KOHA)
Koha item type წიგნი
ეგზემპლარები
Withdrawn status Lost status Damaged status Not for loan Date acquired Barcode Date last seen Price effective from Koha item type
        2018-12-17 2769 2018-12-17 2018-12-17 წიგნი